[Event "CYCC U10"]
[Site "Hamilton CAN"]
[Date "2022.07.08"]
[Round "2.3"]
[White "Liu, Zachary"]
[Black "Yang, Jayden"]
[Result "1-0"]
[WhiteElo "1891"]
[BlackElo "1071"]
[PlyCount "69"]
[EventDate "2022.07.08"]
[EventType "swiss"]
[EventRounds "7"]
[EventCountry "CAN"]

1. e4 c5 2. Nf3 d6 3. d4 cxd4 4. Nxd4 Nf6 5. Nc3 Nc6 6. Bg5 e6 7. Qd2 Be7 8.
O-O-O a6 9. f4 Bd7 10. Bxf6 gxf6 11. f5 Nxd4 12. Qxd4 exf5 13. exf5 Bxf5 14.
Re1 Rc8 15. Qxf6 Rf8 16. Qxf5 Rc5 17. Nd5 Rxd5 18. Qxd5 f5 19. Qxb7 Rf7 20. Bc4
Rg7 21. Qc6+ Kf8 22. Rhf1 Bg5+ 23. Kb1 f4 24. Bxa6 Rc7 25. Qe4 Qf6 26. Bc4 Kg7
27. g3 d5 28. Qxd5 Rc6 29. gxf4 Rb6 30. Qg8+ Kh6 31. fxg5+ Qxg5 32. Re6+ Rxe6
33. Qxg5+ Kxg5 34. Bxe6 Kh4 35. a4 1-0

[Event "CYCC U10"]
[Site "Hamilton CAN"]
[Date "2022.07.08"]
[Round "2.4"]
[White "Chen, Yuxuan"]
[Black "Zhu, Elber"]
[Result "0-1"]
[WhiteElo "1043"]
[BlackElo "1712"]
[PlyCount "102"]
[EventDate "2022.07.08"]
[EventType "swiss"]
[EventRounds "7"]
[EventCountry "CAN"]

1. e4 c5 2. Nf3 d6 3. Bb5+ Bd7 4. Bxd7+ Nxd7 5. d4 cxd4 6. Nxd4 Ngf6 7. Nc3 e6
8. Be3 a6 9. O-O Nc5 10. f3 Be7 11. b4 Ncd7 12. a4 Qc7 13. Nce2 Ne5 14. b5 h6
15. Rc1 g5 16. g3 d5 17. exd5 Nxd5 18. Bf2 Rd8 19. c3 Nc4 20. Qb3 Nd2 21. Qb2
Nxf1 22. Kxf1 Qc4 23. bxa6 bxa6 24. Qc2 Rc8 25. Rb1 O-O 26. Nxe6 Nb4 27. Qb3
Qxb3 28. Rxb3 fxe6 29. cxb4 Rb8 30. Be1 Rfc8 31. Nd4 Rc4 32. Nxe6 Kf7 33. Re3
Bxb4 34. a5 Bxe1 35. Rxe1 Re8 36. Nxg5+ hxg5 37. Rd1 Re5 38. Ra1 Rc3 39. Kg2
Rcc5 40. f4 gxf4 41. gxf4 Rxa5 42. Rf1 Rf5 43. Kg3 Kf6 44. Kg4 Ra2 45. h4 a5
46. h5 Rh2 47. Ra1 Rhxh5 48. Ra4 Rh1 49. Kf3 Rb1 50. Ke3 Rb4 51. Ra3 Rfb5 0-1

[Event "CYCC U10"]
[Site "Hamilton CAN"]
[Date "2022.07.08"]
[Round "2.5"]
[White "Ajith, Aayush"]
[Black "Li, Jerry"]
[Result "1-0"]
[WhiteElo "1636"]
[BlackElo "1008"]
[PlyCount "117"]
[EventDate "2022.07.08"]
[EventType "swiss"]
[EventRounds "7"]
[EventCountry "CAN"]

1. d4 Nf6 2. Bf4 g6 3. e3 Bg7 4. Nf3 O-O 5. Be2 d6 6. h3 Nbd7 7. Nbd2 Re8 8.
Bh2 e5 9. dxe5 dxe5 10. Nc4 e4 11. Nfe5 Nb6 12. Nxb6 axb6 13. Bc4 Be6 14. Qe2
Nd7 15. Nxd7 Qxd7 16. Rd1 Qc6 17. Bb5 Qc5 18. Bxe8 Rxe8 19. c3 Bxa2 20. Rd7 Rc8
21. O-O Bc4 22. Qd2 Bxf1 23. Kxf1 Be5 24. Bxe5 Qxe5 25. Rd5 Qe6 26. Qd4 Re8 27.
Rd7 c5 28. Qd6 Qb3 29. Rxb7 Qxb2 30. Kg1 Qxc3 31. Rxb6 c4 32. Qc6 Qe1+ 33. Kh2
Qxf2 34. Qxe8+ Kg7 35. Qe5+ Kh6 36. Qf4+ Qxf4+ 37. exf4 c3 38. Rc6 c2 39. Rxc2
f5 40. g4 g5 41. fxg5+ Kxg5 42. gxf5 Kxf5 43. Kg3 h5 44. h4 e3 45. Kf3 e2 46.
Rxe2 Kg6 47. Re6+ Kf5 48. Rh6 Ke5 49. Rxh5+ Kf6 50. Rg5 Ke6 51. h5 Kf6 52. Rg6+
Kf7 53. Kg4 Ke7 54. h6 Kf7 55. Kg5 Kf8 56. h7 Kf7 57. h8=Q Ke7 58. Qh7+ Kd8 59.
Rg8# 1-0

[Event "CYCC U10"]
[Site "Hamilton CAN"]
[Date "2022.07.08"]
[Round "2.6"]
[White "Wu, Yihang"]
[Black "Deshpande, Sarthak"]
[Result "0-1"]
[WhiteElo "987"]
[BlackElo "1595"]
[PlyCount "60"]
[EventDate "2022.07.08"]
[EventType "swiss"]
[EventRounds "7"]
[EventCountry "CAN"]

1. e4 c6 2. d4 d5 3. e5 Bf5 4. h4 h5 5. Bd3 Bxd3 6. Qxd3 e6 7. Be3 Ne7 8. Nf3
Nf5 9. Bg5 Be7 10. Bxe7 Qxe7 11. Nbd2 Nd7 12. Ng5 Nxh4 13. Nxf7 Kxf7 14. Rxh4
Qxh4 15. O-O-O Rhf8 16. f3 Qf4 17. Kb1 Qf5 18. Qxf5+ exf5 19. f4 Rh8 20. Nf3
Nf8 21. Ng5+ Ke7 22. c3 Ne6 23. Nxe6 Kxe6 24. g3 Rag8 25. Rh1 g5 26. Kc2 gxf4
27. gxf4 h4 28. Kb3 h3 29. Ka4 h2 30. Kb3 Rg1 0-1

[Event "CYCC U10"]
[Site "Hamilton CAN"]
[Date "2022.07.08"]
[Round "2.7"]
[White "Li, Triston"]
[Black "Ye, Oliver"]
[Result "1-0"]
[WhiteElo "1533"]
[BlackElo "999"]
[PlyCount "99"]
[EventDate "2022.07.08"]
[EventType "swiss"]
[EventRounds "7"]
[EventCountry "CAN"]

1. e4 e5 2. Nf3 Nf6 3. Nc3 Nc6 4. d4 exd4 5. Nxd4 Nxd4 6. Qxd4 Qe7 7. Bg5 Qd6
8. Bxf6 Qxf6 9. Qxf6 gxf6 10. Nd5 Kd8 11. Nxf6 Bg7 12. e5 d6 13. O-O-O Bxf6 14.
exf6 Re8 15. Bd3 Re6 16. Bxh7 Rxf6 17. f3 Bf5 18. Bxf5 Rxf5 19. Rde1 Kd7 20. h4
Re8 21. Ref1 Rh8 22. Kd2 Rfh5 23. g3 f5 24. Ke3 Ke6 25. Rd1 Rg8 26. Kf4 Kf6 27.
Rd5 Rgh8 28. Re1 b6 29. a3 a5 30. a4 Rg8 31. Rd3 Rgh8 32. Rc3 Rc8 33. Rc6 Rh6
34. Re3 Rh5 35. Rec3 Rh7 36. Rxd6+ cxd6 37. Rxc8 Rb7 38. Rf8+ Ke6 39. Rxf5 Rc7
40. Rb5 Rxc2 41. b3 Rc6 42. h5 Rc5 43. Rxc5 dxc5 44. h6 Kf7 45. h7 Kg7 46.
h8=Q+ Kxh8 47. Ke4 Kh7 48. Kd5 Kh6 49. Kc6 b5 50. Kxb5 1-0

[Event "CYCC U10"]
[Site "Hamilton CAN"]
[Date "2022.07.08"]
[Round "2.8"]
[White "Zhan, Jayden"]
[Black "Gao, Heye"]
[Result "1/2-1/2"]
[WhiteElo "982"]
[BlackElo "1521"]
[PlyCount "74"]
[EventDate "2022.07.08"]
[EventType "swiss"]
[EventRounds "7"]
[EventCountry "CAN"]

1. Nf3 Nf6 2. g3 d5 3. Bg2 c5 4. d4 Nc6 5. c3 Bf5 6. Nbd2 e6 7. O-O c4 8. Re1
Be7 9. Nh4 Bg4 10. h3 Bh5 11. Qc2 O-O 12. g4 Nd7 13. Nhf3 Bg6 14. Qd1 b5 15.
Nf1 b4 16. Bf4 Qa5 17. Qd2 Nf6 18. Ng3 h6 19. Ne5 Nxe5 20. Bxe5 Nd7 21. Bf4 Bh7
22. e4 g5 23. Be3 Nf6 24. f4 dxe4 25. fxg5 Nd5 26. Bxe4 bxc3 27. bxc3 Nxe3 28.
Qxe3 Bxg5 29. Qf3 Rab8 30. Bxh7+ Kxh7 31. Re5 Rb5 32. Rxe6 fxe6 33. Qxf8 Qxc3
34. Qf7+ Kh8 35. Qf8+ Kh7 36. Qf7+ Kh8 37. Qf8+ Kh7 1/2-1/2

[Event "CYCC U10"]
[Site "Hamilton CAN"]
[Date "2022.07.08"]
[Round "2.9"]
[White "Allahverdi, Umid"]
[Black "Naiboglu, Onur"]
[Result "1-0"]
[WhiteElo "1443"]
[BlackElo "985"]
[PlyCount "63"]
[EventDate "2022.07.08"]
[EventType "swiss"]
[EventRounds "7"]
[EventCountry "CAN"]

1. e4 e5 2. Nf3 Nc6 3. Bb5 a6 4. Ba4 Nf6 5. O-O b5 6. Bb3 Bc5 7. d3 h6 8. Nc3
d6 9. h3 O-O 10. Be3 Bxe3 11. fxe3 Be6 12. Nd5 a5 13. Nxf6+ Qxf6 14. Nd4 Qg5
15. Nxc6 Bd7 16. Bd5 Kh8 17. Nxe5 Qxe3+ 18. Kh1 Bxh3 19. Qf3 Bxg2+ 20. Qxg2
dxe5 21. Bxa8 Rxa8 22. Rxf7 Rg8 23. Rg1 g5 24. Qf3 Qxf3+ 25. Rxf3 g4 26. Rf5 g3
27. Rxe5 c6 28. Re7 h5 29. Re5 Kg7 30. Rxg3+ Kf6 31. Rxg8 Kxe5 32. Rg5+ 1-0

[Event "CYCC U10"]
[Site "Hamilton CAN"]
[Date "2022.07.08"]
[Round "2.10"]
[White "Moses, Niam"]
[Black "Wu, Nicholas"]
[Result "0-1"]
[WhiteElo "946"]
[BlackElo "1395"]
[PlyCount "46"]
[EventDate "2022.07.08"]
[EventType "swiss"]
[EventRounds "7"]
[EventCountry "CAN"]

1. e4 d5 2. exd5 Qxd5 3. Nf3 Bg4 4. Nc3 Qd6 5. Nb5 Qd8 6. Be2 c6 7. Nc3 Nf6 8.
O-O Nbd7 9. h3 Bh5 10. Re1 e6 11. Nh4 Bxe2 12. Qxe2 Be7 13. d3 Nd5 14. Nxd5
cxd5 15. Nf3 O-O 16. Nd4 a6 17. Qg4 Nf6 18. Qg3 Bc5 19. Bh6 Nh5 20. Qg4 Bxd4
21. Qxh5 gxh6 22. Qg4+ Bg7 23. Re3 Qg5 0-1

[Event "CYCC U10"]
[Site "Hamilton CAN"]
[Date "2022.07.08"]
[Round "2.11"]
[White "Dunikov, David"]
[Black "Puri, Ryan"]
[Result "1/2-1/2"]
[WhiteElo "1337"]
[BlackElo "957"]
[PlyCount "99"]
[EventDate "2022.07.08"]
[EventType "swiss"]
[EventRounds "7"]
[EventCountry "CAN"]

1. e4 e5 2. f4 Bc5 3. Nf3 d6 4. Bc4 Nf6 5. Nc3 Nc6 6. Be2 O-O 7. f5 d5 8. d3
dxe4 9. dxe4 Qxd1+ 10. Bxd1 Rd8 11. Be2 b6 12. Bg5 Be7 13. O-O Bb7 14. Nd5 Nxd5
15. exd5 Bc5+ 16. Kh1 Rxd5 17. Bc4 Rd6 18. Rad1 e4 19. Nh4 h6 20. Rxd6 Bxd6 21.
Be3 Ne5 22. Bb3 c5 23. f6 Ng4 24. Nf5 Nxe3 25. Nxe3 g6 26. Ng4 Bf8 27. Ne5 g5
28. Bxf7+ Kh8 29. Ng6+ Kh7 30. Ne7 e3 31. Re1 Bxe7 32. fxe7 Bc6 33. Rxe3 Be8
34. Bxe8 Rxe8 35. Kg1 Kg7 36. Kf2 Kf7 37. Kg3 Rxe7 38. Rxe7+ Kxe7 39. h4 Kf6
40. Kg4 Kg6 41. hxg5 hxg5 42. g3 b5 43. a3 Kf6 44. b3 b4 45. axb4 cxb4 46. Kh3
Kf5 47. Kg2 g4 48. Kf2 Ke4 49. Ke2 Kd4 50. Kd2 1/2-1/2

[Event "CYCC U10"]
[Site "Hamilton CAN"]
[Date "2022.07.08"]
[Round "2.12"]
[White "Shen, Denis"]
[Black "Justason, Magnus"]
[Result "0-1"]
[WhiteElo "798"]
[BlackElo "1336"]
[PlyCount "78"]
[EventDate "2022.07.08"]
[EventType "swiss"]
[EventRounds "7"]
[EventCountry "CAN"]

1. e4 e5 2. Nf3 Nc6 3. Nc3 Bc5 4. Nxe5 Bxf2+ 5. Kxf2 Nxe5 6. d4 Ng6 7. Bc4 d6
8. h3 N8e7 9. Qf3 O-O 10. Ke2 Be6 11. d5 Ne5 12. Qg3 Nxc4 13. dxe6 fxe6 14. b3
Nb6 15. Bb2 Ng6 16. h4 Nf4+ 17. Ke3 d5 18. Ne2 Nh5 19. Qg4 Nf6 20. Qxe6+ Kh8
21. Raf1 dxe4 22. h5 Nbd5+ 23. Kf2 Nxh5+ 24. Ke1 Rxf1+ 25. Rxf1 Ne3 26. Rg1
Nxc2+ 27. Kf2 Qf8+ 28. Nf4 Qxf4+ 29. Ke2 Ng3+ 30. Kd1 Ne3+ 31. Ke1 Nef5 32. Qd5
Qe3+ 33. Kd1 Qxg1+ 34. Kc2 Ne3+ 35. Kc3 Nxd5+ 36. Kc4 c6 37. b4 Qe3 38. b5 b6
39. bxc6 Qd3# 0-1

[Event "CYCC U10"]
[Site "Hamilton CAN"]
[Date "2022.07.08"]
[Round "2.13"]
[White "Guillemette, Thomas"]
[Black "Chen, Tymon"]
[Result "0-1"]
[WhiteElo "800"]
[BlackElo "647"]
[PlyCount "56"]
[EventDate "2022.07.08"]
[EventType "swiss"]
[EventRounds "7"]
[EventCountry "CAN"]

1. e4 e5 2. Nf3 Nc6 3. Bc4 Bc5 4. c3 Nf6 5. d3 O-O 6. a4 a6 7. Nbd2 d6 8. Nf1
Ng4 9. d4 exd4 10. cxd4 Bb6 11. Ng3 Re8 12. O-O Nf6 13. Re1 Bg4 14. Bg5 h6 15.
Bxf6 Qxf6 16. d5 Ne5 17. Be2 Nxf3+ 18. Bxf3 Bxf3 19. Qxf3 Qxb2 20. a5 Ba7 21.
Rab1 Qd2 22. Nf5 g6 23. Qg3 Kh7 24. Nh4 Rab8 25. Qf3 Rf8 26. Red1 Qxa5 27. Rb3
Bd4 28. Rxd4 Qe1# 0-1

[Event "CYCC U10"]
[Site "Hamilton CAN"]
[Date "2022.07.08"]
[Round "2.14"]
[White "Yang, Larry"]
[Black "Su, Jayden"]
[Result "0-1"]
[WhiteElo "764"]
[BlackElo "1267"]
[PlyCount "60"]
[EventDate "2022.07.08"]
[EventType "swiss"]
[EventRounds "7"]
[EventCountry "CAN"]

1. d4 Nf6 2. c4 e6 3. Nc3 Bb4 4. Nf3 O-O 5. g3 b6 6. Bg2 Bb7 7. O-O d5 8. cxd5
Nxd5 9. Nxd5 Bxd5 10. Bf4 Nd7 11. Rc1 Bd6 12. Bxd6 cxd6 13. b3 Rc8 14. Re1 Nf6
15. e3 Qd7 16. Qd3 Be4 17. Qd2 Qb7 18. Qe2 h6 19. Rxc8 Rxc8 20. Kh1 Rc2 21. Qd1
Rxf2 22. Rf1 Rxa2 23. Rg1 Ng4 24. Rf1 Nxe3 25. Qe1 Nxg2 26. Qc1 Bxf3 27. Kg1
Qe4 28. Qc8+ Kh7 29. Qc3 Ne3 30. Re1 Rg2+ 0-1

[Event "CYCC U10"]
[Site "Hamilton CAN"]
[Date "2022.07.08"]
[Round "2.16"]
[White "Zhuang, Samuel"]
[Black "Bi, William"]
[Result "1/2-1/2"]
[WhiteElo "862"]
[BlackElo "1204"]
[PlyCount "129"]
[EventDate "2022.07.08"]
[EventType "swiss"]
[EventRounds "7"]
[EventCountry "CAN"]

1. d4 d5 2. c4 c6 3. Nf3 Bg4 4. Bf4 e6 5. Nbd2 Bb4 6. Qb3 Qa5 7. a3 Bxd2+ 8.
Bxd2 Qc7 9. Ne5 Bf5 10. cxd5 exd5 11. e3 Nd7 12. Rc1 Rc8 13. Be2 Ngf6 14. Nxd7
Qxd7 15. Bb4 Ng8 16. a4 Ne7 17. Qa3 Rc7 18. Bd6 Rc8 19. Bxe7 Qxe7 20. Qxe7+
Kxe7 21. O-O Rhe8 22. f4 Kf8 23. Rc3 Re7 24. g4 Bd7 25. Bf3 g6 26. b4 h6 27. h4
f6 28. g5 hxg5 29. fxg5 fxg5 30. hxg5 Rf7 31. Kg2 Ke7 32. e4 dxe4 33. Bxe4 Rxf1
34. Kxf1 Rf8+ 35. Kg2 Bf5 36. Re3 Kd6 37. Bf3 Bc2 38. a5 Rf5 39. Bg4 Rxg5 40.
Rg3 Bf5 41. Bf3 Rxg3+ 42. Kxg3 Be6 43. Kf4 Bd5 44. Bg4 Bh1 45. Ke3 g5 46. Be2
b6 47. axb6 axb6 48. Bc4 b5 49. Bb3 Bd5 50. Bd1 Be6 51. Ke4 g4 52. Kf4 Kd5 53.
Bb3+ Kd6 54. Bd1 Bd7 55. Bb3 Ke7 56. d5 cxd5 57. Bxd5 Kf6 58. Bb3 Kg6 59. Bd5
Kh5 60. Kg3 Kg5 61. Be4 Kf6 62. Kf4 g3 63. Kxg3 Ke5 64. Bd3 Kd4 65. Bxb5
1/2-1/2

[Event "CYCC U10"]
[Site "Hamilton CAN"]
[Date "2022.07.08"]
[Round "2.17"]
[White "Chua, Zachary"]
[Black "Patil, Tanishq"]
[Result "1-0"]
[WhiteElo "861"]
[BlackElo "1111"]
[PlyCount "109"]
[EventDate "2022.07.08"]
[EventType "swiss"]
[EventRounds "7"]
[EventCountry "CAN"]

1. e4 c5 2. Nf3 d6 3. c3 Nf6 4. Qc2 e6 5. d4 cxd4 6. cxd4 Be7 7. Bd3 O-O 8. O-O
a6 9. Nc3 b5 10. Bd2 Bb7 11. b4 Nbd7 12. a4 bxa4 13. Rxa4 Qb6 14. Be3 d5 15. e5
Ng4 16. Bxh7+ Kh8 17. Bd3 Bc6 18. Raa1 Qb7 19. h3 Nxe3 20. fxe3 Bxb4 21. Rfb1
a5 22. Ng5 Qc7 23. Nb5 Qb6 24. Nd6 Qb8 25. Ndxf7+ Rxf7 26. Nxf7+ Kg8 27. Qxc6
Kxf7 28. Qxd7+ Kg8 29. Qxe6+ Kh8 30. Qg6 Kg8 31. Qh7+ Kf7 32. Bg6+ Ke7 33.
Qxg7+ Kd8 34. Qg8+ Kc7 35. Qxb8+ Rxb8 36. e6 Kd6 37. Rxa5 Rg8 38. Bf7 Rb8 39.
Ra4 Ke7 40. Raxb4 Rxb4 41. Rxb4 Kd6 42. Rb7 Kc6 43. e7 Kxb7 44. e8=Q Kb6 45.
Bxd5 Ka5 46. Qa8+ Kb4 47. Qb7+ Kc3 48. Qb3+ Kd2 49. Be4 Ke1 50. Qb1+ Ke2 51.
Qd3+ Ke1 52. Qf1+ Kd2 53. Qf2+ Kd1 54. Bd3 Kc1 55. Qc2# 1-0

[Event "CYCC U10"]
[Site "Hamilton CAN"]
[Date "2022.07.08"]
[Round "2.18"]
[White "Li, Ryan"]
[Black "Zhang, Nathan"]
[Result "1/2-1/2"]
[WhiteElo "1110"]
[BlackElo "813"]
[PlyCount "101"]
[EventDate "2022.07.08"]
[EventType "swiss"]
[EventRounds "7"]
[EventCountry "CAN"]

1. d4 d5 2. c4 e6 3. Nc3 Nf6 4. Bg5 Be7 5. Bxf6 Bxf6 6. Nf3 O-O 7. e4 c6 8. Be2
h6 9. O-O Qb6 10. b3 Na6 11. cxd5 cxd5 12. exd5 Qa5 13. Bxa6 Qxc3 14. Bc4 exd5
15. Bxd5 Rd8 16. Rc1 Qb4 17. Be4 Bxd4 18. Qe2 Bf6 19. Qc4 Qe7 20. Rfe1 Be6 21.
Qb5 Rab8 22. Ne5 a6 23. Qc5 Qe8 24. Qc2 Bxe5 25. Bh7+ Kh8 26. Rxe5 Rbc8 27. Qb2
Rxc1+ 28. Qxc1 Kxh7 29. f4 Qd7 30. Qc2+ Kh8 31. f5 Qd1+ 32. Qxd1 Rxd1+ 33. Kf2
Bd5 34. Ke2 Rd4 35. Ke3 Rh4 36. Rxd5 Rxh2 37. Rd7 Rxg2 38. Rxf7 Rxa2 39. Rxb7
Ra5 40. Ke4 Rc5 41. Rb8+ Kh7 42. Rb7 Rb5 43. Ra7 Rxb3 44. Rxa6 Rb4+ 45. Kd3 Rf4
46. Ra5 h5 47. f6 h4 48. Rh5+ Kg6 49. fxg7 Kxg7 50. Ke3 Ra4 51. Kf3 1/2-1/2

[Event "CYCC U10"]
[Site "Hamilton CAN"]
[Date "2022.07.08"]
[Round "2.19"]
[White "Sun, Erik"]
[Black "Grosman, Noah"]
[Result "0-1"]
[WhiteElo "853"]
[BlackElo "944"]
[PlyCount "104"]
[EventDate "2022.07.08"]
[EventType "swiss"]
[EventRounds "7"]
[EventCountry "CAN"]

1. e4 e5 2. Nf3 Nc6 3. Bc4 Bc5 4. Ng1 Qh4 5. Qf3 Qf6 6. Qxf6 Nxf6 7. Nc3 Nd4 8.
Bb3 d6 9. Nh3 Bxh3 10. gxh3 Bb4 11. a3 Bxc3 12. dxc3 Nxb3 13. cxb3 Nxe4 14. Be3
a5 15. O-O-O Nc5 16. Bxc5 dxc5 17. c4 Ke7 18. Rd5 Rad8 19. Rxe5+ Kd6 20. Rd5+
Kc6 21. Rxd8 Rxd8 22. Rg1 g6 23. h4 a4 24. bxa4 h5 25. f4 Rd4 26. Rf1 Rxc4+ 27.
Kb1 f5 28. b3 Re4 29. Kc2 Kd5 30. Rd1+ Rd4 31. Rxd4+ Kxd4 32. Kd2 Ke4 33. Ke2
Kxf4 34. b4 Ke4 35. bxc5 c6 36. Kf2 f4 37. a5 f3 38. a4 Kf4 39. a6 bxa6 40. a5
Ke4 41. h3 Kf4 42. Kf1 Kg3 43. Kg1 Kxh3 44. Kf2 Kg4 45. Kg1 Kxh4 46. Kf2 Kg4
47. Kg1 h4 48. Kf2 g5 49. Kg1 h3 50. Kh2 f2 51. Kh1 f1=Q+ 52. Kh2 Qg2# 0-1

[Event "CYCC U10"]
[Site "Hamilton CAN"]
[Date "2022.07.08"]
[Round "2.20"]
[White "Maslov, Yan"]
[Black "Lin, Austin"]
[Result "0-1"]
[WhiteElo "792"]
[BlackElo "925"]
[PlyCount "104"]
[EventDate "2022.07.08"]
[EventType "swiss"]
[EventRounds "7"]
[EventCountry "CAN"]

1. e4 e5 2. Nf3 Nf6 3. Nc3 Nc6 4. Bb5 Bc5 5. Bxc6 dxc6 6. O-O Bg4 7. h3 Bh5 8.
g4 Bg6 9. Nxe5 a5 10. h4 h5 11. g5 Nxe4 12. Nxe4 Bxe4 13. Re1 Qd5 14. d4 Bxd4
15. c3 Bxe5 16. Qe2 O-O-O 17. Qxe4 Qxe4 18. Rxe4 f6 19. f4 Rd1+ 20. Kf2 Bd6 21.
Re1 Bc5+ 22. Kf1 Rhd8 23. Ke2 R1d3 24. gxf6 gxf6 25. f5 Rh3 26. Bh6 Re8+ 27.
Kd2 Rh2+ 28. Kd3 Rd8+ 29. Ke4 Rxh4+ 30. Kf3 Rd3+ 31. Kg2 Rg4+ 32. Kf1 Rh3 33.
Rad1 Kb8 34. Rd2 Rf3+ 35. Ke2 Rxf5 36. Be3 Rg2+ 37. Kd1 Rxd2+ 38. Bxd2 h4 39.
Be3 Rd5+ 40. Kc2 Re5 41. Kd3 Rd5+ 42. Kc2 Bxe3 43. Rxe3 Rh5 44. b4 h3 45. bxa5
f5 46. a6 f4 47. Rd3 h2 48. a7+ Kxa7 49. c4 h1=Q 50. Ra3+ Kb8 51. c5 Rxc5+ 52.
Kb2 Qc1+ 0-1

[Event "CYCC U10"]
[Site "Hamilton CAN"]
[Date "2022.07.08"]
[Round "2.21"]
[White "Wang, Eric"]
[Black "Shah, Ameya"]
[Result "1-0"]
[WhiteElo "918"]
[BlackElo "535"]
[PlyCount "75"]
[EventDate "2022.07.08"]
[EventType "swiss"]
[EventRounds "7"]
[EventCountry "CAN"]

1. e4 e5 2. Nf3 Nc6 3. Bb5 a6 4. Ba4 b5 5. Bb3 Bc5 6. c3 d6 7. d4 Bb6 8. h3 Nf6
9. Bc2 O-O 10. d5 Ne7 11. Bg5 Ng6 12. O-O h6 13. Bd2 a5 14. Qe2 Ba6 15. Bd3 Qd7
16. Na3 Nf4 17. Bxf4 exf4 18. Nxb5 Qc8 19. Nbd4 Bxd3 20. Qxd3 Qa6 21. Qxa6 Rxa6
22. Rfe1 Re8 23. Nd2 Raa8 24. f3 g5 25. Nc4 Bxd4+ 26. cxd4 Nd7 27. Rac1 Rab8
28. Nxa5 Rxb2 29. Rxc7 Nf6 30. Ra1 Rbb8 31. Rcc1 Rb4 32. Nc6 Rb7 33. a4 Rc7 34.
Nb4 Rxc1+ 35. Rxc1 Rb8 36. Nc6 Rb2 37. Ra1 Nd7 38. a5 {Unreadable} 1-0

[Event "CYCC U10"]
[Site "Hamilton CAN"]
[Date "2022.07.08"]
[Round "2.22"]
[White "Tsukerman, Leon"]
[Black "Garayev, Emil"]
[Result "0-1"]
[WhiteElo "593"]
[BlackElo "911"]
[PlyCount "28"]
[EventDate "2022.07.08"]
[EventType "swiss"]
[EventRounds "7"]
[EventCountry "CAN"]

1. e4 e5 2. Nf3 Nc6 3. Bb5 Bc5 4. O-O d6 5. Nc3 a6 6. Bc4 Nf6 7. d3 Bg4 8. Qe2
Nd4 9. Qd1 Nxf3+ 10. gxf3 Bh3 11. Re1 Nd7 12. Be3 Qf6 13. Nd5 Qg6+ 14. Kh1 Qg2#
0-1

[Event "CYCC U10"]
[Site "Hamilton CAN"]
[Date "2022.07.09"]
[Round "3.1"]
[White "Wu, Nicholas"]
[Black "Mendes, Aaron Reeve"]
[Result "1-0"]
[WhiteElo "1395"]
[BlackElo "2106"]
[PlyCount "81"]
[EventDate "2022.07.08"]
[EventType "swiss"]
[EventRounds "7"]
[EventCountry "CAN"]

1. d4 Nf6 2. Bf4 g6 3. Nc3 d5 4. Qd2 c6 5. f3 e6 6. e4 dxe4 7. fxe4 Bb4 8. Bg5
h6 9. Bxf6 Qxf6 10. Nf3 c5 11. Bb5+ Bd7 12. Bxd7+ Nxd7 13. O-O-O O-O-O 14. Qe3
Qg7 15. a3 Bxc3 16. Qxc3 Kb8 17. Qe3 cxd4 18. Rxd4 Nb6 19. Rhd1 Rc8 20. Qf4+
Ka8 21. Qd6 Nc4 22. Qd7 g5 23. h3 h5 24. Qb5 Nb6 25. Qxg5 Qf8 26. Qf6 Rg8 27.
R1d2 Nc4 28. R2d3 e5 29. Nxe5 Nxe5 30. Qxe5 Rxg2 31. c3 Qh6+ 32. Kb1 Qb6 33.
Rd2 Rg1+ 34. Ka2 f6 35. Qd6 Qb5 36. Qc7 a6 37. Qxc8+ Ka7 38. Rd5 Qf1 39. Qc5+
b6 40. Qc7+ Ka8 41. Rd8# 1-0

[Event "CYCC U10"]
[Site "Hamilton CAN"]
[Date "2022.07.09"]
[Round "3.2"]
[White "Marchand, Calix"]
[Black "Li, Triston"]
[Result "1-0"]
[WhiteElo "1900"]
[BlackElo "1533"]
[PlyCount "59"]
[EventDate "2022.07.08"]
[EventType "swiss"]
[EventRounds "7"]
[EventCountry "CAN"]

1. e4 e5 2. Nf3 Nc6 3. Bc4 Bc5 4. c3 Nf6 5. d4 exd4 6. cxd4 Bb4+ 7. Nc3 Bxc3+
8. bxc3 Nxe4 9. d5 Na5 10. Bd3 Nxc3 11. Qd2 Qe7+ 12. Kf1 Nxd5 13. Qxa5 Qf6 14.
Rb1 Qd6 15. Ba3 b6 16. Re1+ Kd8 17. Bxd6 bxa5 18. Ne5 cxd6 19. Nxf7+ Kc7 20.
Rc1+ Kb6 21. Nxh8 Nb4 22. Be2 Nxa2 23. Rb1+ Nb4 24. f3 h6 25. Kf2 Bb7 26. Nf7
Kc7 27. Rhc1+ Bc6 28. Rd1 Nd5 29. Rbc1 Nf4 30. Nxd6 1-0

[Event "CYCC U10"]
[Site "Hamilton CAN"]
[Date "2022.07.09"]
[Round "3.3"]
[White "Justason, Magnus"]
[Black "Liu, Zachary"]
[Result "0-1"]
[WhiteElo "1336"]
[BlackElo "1891"]
[PlyCount "46"]
[EventDate "2022.07.08"]
[EventType "swiss"]
[EventRounds "7"]
[EventCountry "CAN"]

1. d4 d5 2. c4 c6 3. Nf3 Nf6 4. Nc3 e6 5. Bg5 Nbd7 6. e4 dxe4 7. Nxe4 h6 8.
Nxf6+ Nxf6 9. Bxf6 Bb4+ 10. Nd2 Qxf6 11. a3 Bxd2+ 12. Qxd2 O-O 13. Be2 Rd8 14.
Rd1 c5 15. d5 Bd7 16. Bf3 exd5 17. Bxd5 Ba4 18. Rc1 Re8+ 19. Kf1 Rad8 20. Qc3
Qxc3 21. Rxc3 Rxd5 22. cxd5 Bb5+ 23. Kg1 Re1# 0-1

[Event "CYCC U10"]
[Site "Hamilton CAN"]
[Date "2022.07.09"]
[Round "3.4"]
[White "Zhu, Elber"]
[Black "Allahverdi, Umid"]
[Result "1-0"]
[WhiteElo "1712"]
[BlackElo "1443"]
[PlyCount "119"]
[EventDate "2022.07.08"]
[EventType "swiss"]
[EventRounds "7"]
[EventCountry "CAN"]

1. d4 d5 2. Nf3 Nf6 3. e3 e6 4. Bd3 Be7 5. b3 O-O 6. Bb2 c5 7. Nbd2 Nc6 8. a3
b6 9. O-O Bb7 10. Ne5 Nxe5 11. dxe5 Ne4 12. c4 f6 13. Qc2 Nxd2 14. Qxd2 f5 15.
Rad1 Qc7 16. f4 Rad8 17. Qf2 Rd7 18. Be2 Rfd8 19. g4 dxc4 20. Rxd7 Rxd7 21.
gxf5 exf5 22. Bxc4+ Kh8 23. e6 Rd8 24. Qg3 Bf6 25. Bxf6 gxf6 26. h4 Qe7 27. Qh3
Rg8+ 28. Kf2 b5 29. Bxb5 Bg2 30. Qxf5 Bxf1 31. Bxf1 Rb8 32. Bc4 a5 33. a4 Rd8
34. Ke2 Qg7 35. Bd5 c4 36. bxc4 Rb8 37. h5 Rb2+ 38. Kd3 Qe7 39. h6 Qa3+ 40. Ke4
Qc3 41. e7 Rb8 42. Kf3 Qa1 43. Qg4 Qd1+ 44. Kg3 Qg1+ 45. Kh4 Qh2+ 46. Qh3 Qxh3+
47. Kxh3 Re8 48. e4 Rxe7 49. Kg4 f5+ 50. Kxf5 Re5+ 51. Kf6 Rf5+ 52. Ke6 Rxf4
53. c5 Rf7 54. e5 Re7+ 55. Kd6 Rxe5 56. Bb7 Rh5 57. c6 Rxh6+ 58. Kd7 Rh1 59. c7
Rd1+ 60. Kc6 1-0

[Event "CYCC U10"]
[Site "Hamilton CAN"]
[Date "2022.07.09"]
[Round "3.5"]
[White "Su, Jayden"]
[Black "Ajith, Aayush"]
[Result "0-1"]
[WhiteElo "1267"]
[BlackElo "1636"]
[PlyCount "90"]
[EventDate "2022.07.08"]
[EventType "swiss"]
[EventRounds "7"]
[EventCountry "CAN"]

1. e4 c5 2. Nf3 d6 3. d4 cxd4 4. Nxd4 Nf6 5. Nc3 a6 6. Be3 e5 7. Nde2 Be6 8. g3
Nbd7 9. Bg2 Be7 10. Qd2 b5 11. O-O O-O 12. f4 Nb6 13. b3 Ng4 14. f5 Nxe3 15.
Qxe3 Bd7 16. Rad1 Rc8 17. g4 d5 18. Qd3 d4 19. Nb1 Bg5 20. Nd2 Rc7 21. c3 dxc3
22. Nxc3 b4 23. Ne2 Qe7 24. Rc1 Bb5 25. Rxc7 Qxc7 26. Nc4 Nxc4 27. bxc4 Bxc4
28. Qc2 Qb6+ 29. Kh1 Qb5 30. Re1 Rd8 31. Ng3 Rd2 32. Qc1 h6 33. Qb1 Bxa2 34.
Qc1 b3 35. f6 Rc2 36. Qa1 Bxf6 37. Bf1 Qc5 38. Be2 Qa3 39. Qd1 Bg5 40. Qd3 Bc1
41. Rxc1 Qxc1+ 42. Kg2 b2 43. Qxa6 b1=Q 44. Qa8+ Kh7 45. Kh3 Be6 0-1

[Event "CYCC U10"]
[Site "Hamilton CAN"]
[Date "2022.07.09"]
[Round "3.6"]
[White "Deshpande, Sarthak"]
[Black "Jutras, Arnaud"]
[Result "1/2-1/2"]
[WhiteElo "1595"]
[BlackElo "1263"]
[PlyCount "60"]
[EventDate "2022.07.08"]
[EventType "swiss"]
[EventRounds "7"]
[EventCountry "CAN"]

1. d4 d5 2. c4 c6 3. Nf3 Nf6 4. Qc2 g6 5. g3 Be6 6. Nbd2 Bg7 7. Bg2 O-O 8. O-O
h6 9. b3 Bf5 10. Qd1 Ne4 11. Bb2 Nxd2 12. Qxd2 Be4 13. Ne5 Bxg2 14. Kxg2 dxc4
15. Nxc4 e6 16. e4 Nd7 17. Rad1 Nf6 18. e5 Nd5 19. Ba3 Re8 20. Nd6 Re7 21. Ne4
Rd7 22. h4 h5 23. Bd6 b6 24. Rc1 Rc8 25. Rc2 Rb7 26. Qc1 Qd7 27. Ba3 Rbc7 28.
Nd6 Ra8 29. Ne4 Kh7 30. Bd6 Rcc8 1/2-1/2